Normal view
MARC view
- Aeronautics, Military
Entry Topical Term
001 - CONTROL NUMBER
- control field: 49786
003 - CONTROL NUMBER IDENTIFIER
- control field: NUST
005 - DATE AND TIME OF LATEST TRANSACTION
- control field: 20210314134438.0
008 - FIXED-LENGTH DATA ELEMENTS
- fixed length control field: 210314|| aca||aabn | a|a d
040 ## - CATALOGING SOURCE
- Original cataloging agency: NUST
- Transcribing agency: NUST
150 ## - HEADING--TOPICAL TERM
- Topical term or geographic name entry element: Aeronautics, Military
- Geographic subdivision: Spain
670 ## - SOURCE DATA FOUND
- Source citation: Work cat.: (NUST): Langdon-Davies, John, 49066, Air raid :, 1938.
